| Tag |
First Indicator |
Second Indicator |
Subfields |
| LEADER |
00000cam a2200000 i 4500 |
| 001 |
in00000064359 |
| 005 |
20151008051804.0 |
| 008 |
770429r19771974orua bb 00010 eng d |
| 035 |
|
|
|a (OCoLC)02926219
|
| 035 |
|
|
|9 AAG9988AM
|
| 040 |
|
|
|a KUK
|c KUK
|d TXA
|d UtOrBLW
|
| 049 |
|
|
|a TXAI
|
| 099 |
|
|
|a fiche
|a C
|a 1419
|
| 100 |
1 |
|
|a Burkhead, Carlene M.
|
| 245 |
1 |
4 |
|a The study of visual attention and Alpha by a biofeedback unit /
|c by Carlene M. Burkhead.
|
| 264 |
|
1 |
|a Lawrence, Kansas :
|b Burkhead,
|c 1974.
|
| 300 |
|
|
|a vi, 173 leaves :
|b illustrations
|
| 336 |
|
|
|a text
|b txt
|2 rdacontent
|
| 337 |
|
|
|a microform
|b h
|2 rdamedia
|
| 338 |
|
|
|a microfiche
|b he
|2 rdacarrier
|
| 500 |
|
|
|a Microfiche (negative) of typescript. Eugene : Microform Publications, College of Health, Physical Education and Recreation, University of Oregon, 1977. -- 2 sheets ; 10.5 x 14.8 cm.
|
| 502 |
|
|
|c University of Kansas.
|
| 504 |
|
|
|a Bibliography: leaves 101-108.
|
| 500 |
|
|
|a Microform.
|
| 650 |
|
0 |
|a Reading (Elementary)
|
| 650 |
|
0 |
|a Perceptual-motor learning.
|
| 650 |
|
0 |
|a Biofeedback training.
|
| 999 |
|
|
|a MARS
|
| 999 |
f |
f |
|s 2be19ff2-a1f5-3357-bcdd-e94d92cfb470
|i f1a431be-cf45-3363-9e53-717a2b40f6ae
|t 0
|
| 952 |
f |
f |
|p normal
|a Texas A&M University
|b College Station
|c Sterling C. Evans Library
|d Evans: Microforms (3rd floor)
|t 0
|e fiche C 1419
|h Other scheme
|i microform -- microfiche
|m A14820663346
|
| 998 |
f |
f |
|a fiche C 1419
|t 0
|l Evans: Microforms (3rd floor)
|